000 01040nam a2200241Ia 4500
003 Ost
005 20260507075152.0
008 260507s9999||||xx |||||||||||||| ||und||
020 _a53649999579
040 _cfsecg
041 _aara
082 _a330
100 _aالقلاب، بسام هلال مسلم
_eمؤلف
245 0 _aالاعتماد المالي :
_bدراسة مقارنة /
_c بسام هلال مسلم القلاب
260 _aعمان:
_bدار الراية,
_c2009
300 _a215 صفحة؛
_c24 سم
504 _aمراجع ص.206
520 _aدور البنوك التجاريةفي عمليات الائتمان ، مفهوم عقد الاعتماد المالي و انعقاده ، ضمانات عقد الاعتماد المالي و آثاره ، اققضاء عقد الاعتماد المالي و المسؤولية المدنية للبنك
653 _aالإعتمادات التجارية
653 _aالبنوك التجارية
653 _aالتمويل
942 _cكتاب
999 _c43349
_d43349